000 01040nam a2200301 c 4500
999 _c128192
_d128192
003 BLK
005 20220224114235.0
008 180409b bul|||||r ||||||| ||bul||
010 _aKNG00133911000
040 _aBLK
041 _aBUL
_cBUL
072 7 _2bullib
_aК
_xКраезнание
080 _aБългарска литература
_b821.163.2
_x-32
_z821.163.2-32
100 1 _aБлажев, Йордан
_eпърви автор
_9321052
139 _aБлажев, Йордан
_bБ 47
245 1 0 _aОтговора знае само вятърът
_bНовели
_cЙордан Блажев.
257 _aBGR
260 _bПрофиздат
_c1989
_fЯмбол : Г. Димитров
300 _a104 с.
_c20 см
380 _aX
500 _a3 550 тир.
659 _aК
852 _aЦб 161170
852 _aК 821.163.2/Б 47 И
856 4 _qpdf
856 4 _qpdf
942 _cKNG
_n0
_s1
944 _aCR
_c20.09.2012
_l20.09.2012 - от С1,Р / 20.09.2012
_kКина_Георгиева
944 _aED
_c20.09.2012
_l20.09.2012 - от С1,Р / 20.09.2012
999 _d128192